000 00449nam a2200157 4500
001 136654
003 ES-MaACL
005 20230906195207.0
007 t|
008 070214s1963 sp r ||||1| cat d
100 1 _aSala, Elisard.
_9101641
245 1 0 _aCançoner de la Vall d'Aran /
_cElisard Sala.
260 _aSant Cugat del Vallés (Barcelona) :
_bDelos-Ayma,
_c1963.
300 _a35 p. ;
_c22 cm.
852 _aES-MaACL
_j2038-F-27
_bR.53038
999 _c136654
_d136654